| 000 | 02108nam a2200457 a 4500 | ||
|---|---|---|---|
| 001 | ebr10641228 | ||
| 003 | CaPaEBR | ||
| 006 | m u | ||
| 007 | cr cn||||||||| | ||
| 008 | 070710s2008 ncua sb 001 0 eng d | ||
| 010 | _z 2007027979 | ||
| 020 | _z9780807831434 (cloth : alk. paper) | ||
| 020 | _z0807831433 (cloth : alk. paper) | ||
| 020 | _z9780807858370 (pbk. : alk. paper) | ||
| 020 | _z0807858374 (pbk. : alk. paper) | ||
| 020 | _z9781469606439 (e-book) | ||
| 040 |
_aCaPaEBR _cCaPaEBR |
||
| 035 | _a(OCoLC)608420500 | ||
| 043 |
_an-us--- _an-us-hi |
||
| 050 | 1 | 4 |
_aE99.M693 _bB37 2008eb |
| 082 | 0 | 4 |
_a323.1197 _222 |
| 100 | 1 | _aBasson, Lauren L. | |
| 245 | 1 | 0 |
_aWhite enough to be American? _h[electronic resource] : _brace mixing, indigenous people, and the boundaries of state and nation / _cLauren L. Basson. |
| 260 |
_aChapel Hill : _bUniversity of North Carolina Press, _cc2008. |
||
| 300 |
_axiv, 238 p. : _bill. |
||
| 504 | _aIncludes bibliographical references (p. [211]-226) and index. | ||
| 533 |
_aElectronic reproduction. _bPalo Alto, Calif. : _cebrary, _d2013. _nAvailable via World Wide Web. _nAccess may be limited to ebrary affiliated libraries. |
||
| 650 | 0 |
_aIndians of North America _xMixed descent _xLegal status, laws, etc. _xHistory. |
|
| 650 | 0 |
_aRacially mixed people _xLegal status, laws, etc. _zUnited States _xHistory. |
|
| 650 | 0 |
_aRacially mixed people _xLegal status, laws, etc. _zHawaii _xHistory. |
|
| 650 | 0 |
_aIndians of North America _xGovernment relations _xHistory. |
|
| 650 | 0 |
_aIndians of North America _xLand tenure _xHistory. |
|
| 650 | 0 |
_aMiscegenation _xPolitical aspects _zUnited States _xHistory. |
|
| 650 | 0 |
_aEuropean Americans _xAttitudes _xHistory. |
|
| 650 | 0 |
_aCitizenship _zUnited States _xHistory. |
|
| 650 | 0 |
_aNationalism _zUnited States _xHistory. |
|
| 651 | 0 |
_aUnited States _xRace relations _xPolitical aspects _xHistory. |
|
| 655 | 7 |
_aElectronic books. _2local |
|
| 710 | 2 | _aebrary, Inc. | |
| 856 | 4 | 0 |
_uhttp://site.ebrary.com/lib/rucke/Doc?id=10641228 _zAn electronic book accessible through the World Wide Web; click to view |
| 999 |
_c48861 _d48861 |
||